000 00362nam a2200133 i 4500
001 bg
100 1 _aPOGODZIŃSKI, Zdzisław
245 0 _aPlanowanie przestrzenne i projektowanie osiedli wiejskich.
_nCz. 1 /
_cZdzisław Pogodziński.
260 _aWrocław,
_c1970.
040 _cBPK
041 _apol
942 _cKS
008 s pl f |000 0 pol
999 _c7236
_d7236
856 _uhttp://koha.tu.koszalin.pl/cgi-bin/koha/opac-detail.pl?biblionumber=7236
_yKatalog online BPK